000 00970nam a22003497a 4500
001 BR0705000
003 BR-BrBNA
005 20230928102525.0
007 ta
008 230509b bl.||||| |||| 00| 0 por d
040 _aBR-BrBNA
_bpor
_cBiblioteca Nacional de Agricultura
041 _a(Por)
072 _aE16; E72; E71
_b5300
090 _ 5300 BR0705000
100 1 _aBuainaim, A.B.L.
100 1 _aGordin, M.H. de O.
100 1 _aSabadin, C.
245 1 _aSuinocultura
_bColeção Cadeias Produtivas de Mato Grosso do Sul, v.11
260 3 _aCampo Grande, MS (Brasil):
_c2004.
300 _a104 p.
500 _a20 ref.; 24 illus.16 tables
650 _aSUÍNO
650 _aCADEIA PRODUTIVA
650 _aESTATÍSTICA DE PRODUÇÃO
650 _aPREÇO
650 _aMERCADO MUNDIAL
650 _aMERCADO NACIONAL
650 _aCUSTO DE PRODUÇÃO
650 _aMATO GROSSO DO SUL
909 _a202309
_bLucia
_c55
_dLucia Elande
942 _cBK
999 _c71188
_d71188